Basic statistics (Record no. 755379)

MARC details
000 -LEADER
fixed length control field 00380nam a2200157 4500
020 ## - INTERNATIONAL STANDARD BOOK NUMBER
ISBN 9789395161961
082 ## - DEWEY DECIMAL CLASSIFICATION NUMBER
Classification number 519.5
Item number AGA.B
084 ## - OTHER CLASSIFICATION NUMBER
Source of Number Colon Classification
100 ## - MAIN ENTRY--AUTHOR NAME
Personal name Agarwal B L
245 ## - TITLE STATEMENT
Title Basic statistics
250 ## - EDITION STATEMENT
Edition statement 8th ed.
260 ## - PUBLICATION, DISTRIBUTION, ETC. (IMPRINT)
Place of publication NewDelhi:
Name of publisher New Age International,
Year of publication 2025.
300 ## - PHYSICAL DESCRIPTION
Number of Pages 828p.
942 ## - ADDED ENTRY ELEMENTS (KOHA)
Source of classification or shelving scheme Dewey Decimal Classification
Koha item type Gift
Holdings
Withdrawn status Lost status Source of classification or shelving scheme Damaged status Not for loan Home Library Current Location Shelving location Date acquired Full call number Accession Number Price effective from Koha item type
    Dewey Decimal Classification     Campus Library Kariavattom Campus Library Kariavattom General Stacks 22/01/2026 519.5 AGA.B UCLG1028 21/01/2026 Gift